[Event "86th ch-Paris IdF"]
[Site "Paris FRA"]
[Date "2011.07.04"]
[Round "3.12"]
[White "Roser,K"]
[Black "Houhou,O"]
[Result "1/2-1/2"]
[WhiteElo "2446"]
[BlackElo "2308"]

1.e4 c5 2.Nf3 e6 3.d4 cxd4 4.Nxd4 a6 5.Bd3 Nf6 6.O-O Qc7 7.Qe2 d6 8.c4 Nbd7
9.f4 Be7 10.Nc3 O-O 11.Kh1 b6 12.Bd2 Bb7 13.Rae1 g6 14.b4 Rfe8 15.a3 Bf8
16.Nb3 Bg7 17.Qe3 Ng4 18.Qg3 f5 19.exf5 gxf5 20.h3 Ngf6 21.Rf2 d5 22.cxd5  1/2-1/2

[Event "1st ch-CHN Rapid Men Prelim"]
[Site "Hefei CHN"]
[Date "2011.07.05"]
[Round "7.14"]
[White "Xu,Xiangyu"]
[Black "Wang,Yiye"]
[Result "0-1"]
[WhiteElo "2016"]
[BlackElo "2262"]

1.e4 c5 2.Nf3 e6 3.d4 cxd4 4.Nxd4 a6 5.Bd3 g6 6.b3 Bg7 7.Bb2 Qb6 8.c3 Nc6
9.Be2 Nge7 10.Na3 Qc7 11.Nac2 O-O 12.O-O f5 13.exf5 gxf5 14.f4 Nd5 15.Qd2 b5
16.a4 bxa4 17.Rxa4 Nb6 18.Ra2 Bb7 19.c4 Rfe8 20.Nxc6 Bxb2 21.Rxb2 Bxc6 22.Bf3 a5
23.Qd4 Re7 24.Ra2 Rg7 25.Ne3 Bxf3 26.Rxf3 Qb7 27.Rff2 Nc8 28.c5 Ne7 29.Rfd2 Nc6
30.Qc4 Kh8 31.g3 Rag8 32.Qc3 Qc7 33.Rd6 Nd8 34.Qe5 Nf7 35.Qd4 Nxd6 36.cxd6 Qc1+
37.Kf2 Qh1 38.Nf1 Rc8 39.Qd3 e5 40.fxe5 f4 41.Qf3  0-1

[Event "1st ch-CHN Rapid Men Prelim"]
[Site "Hefei CHN"]
[Date "2011.07.05"]
[Round "8.1"]
[White "Li Chao2"]
[Black "Yu Yangyi"]
[Result "1-0"]
[WhiteElo "2669"]
[BlackElo "2672"]

1.e4 c5 2.Nf3 e6 3.d4 cxd4 4.Nxd4 a6 5.Bd3 Bc5 6.Nb3 Ba7 7.Nc3 Nc6 8.Qe2 d6
9.Be3 Nge7 10.O-O-O b5 11.a3 O-O 12.f4 b4 13.axb4 Nxb4 14.Kb1 Qc7 15.Rhf1 Rb8
16.Rf3 Ng6 17.Bc1 Bd7 18.Rh3 Rfe8 19.e5 Nxd3 20.exd6 Qb7 21.Qh5 h6 22.Rhxd3 a5
23.Nxa5 Qa6 24.Nb3 Rec8 25.g3 Bb6 26.Be3 Rc6 27.Bxb6 Rcxb6 28.Qc5 Rc8 29.Qa3 Qc4
30.Qa7 Qc6 31.Na5 Qc5 32.Qxd7 Nf8 33.Qa4 Ra8 34.Nb3 Qc8 35.d7  1-0

[Event "1st ch-CHN Rapid Men Prelim"]
[Site "Hefei CHN"]
[Date "2011.07.05"]
[Round "8.12"]
[White "Wang,Yiye"]
[Black "Xu,Yi"]
[Result "0-1"]
[WhiteElo "2262"]
[BlackElo "2110"]

1.e4 c5 2.Nf3 e6 3.d4 cxd4 4.Nxd4 a6 5.Bd3 Nf6 6.O-O Qc7 7.Nb3 d6 8.f4 g6
9.a4 Bg7 10.a5 O-O 11.c4 b6 12.Be3 bxa5 13.Nxa5 Nc6 14.Nxc6 Qxc6 15.Nc3 Bb7
16.Qe2 Nd7 17.Ra5 Rac8 18.Kh1 Rfe8 19.Rfa1 Bxc3 20.bxc3 Nc5 21.Bc2 Nxe4 22.Ba4 Qc7
23.Bxe8 Rxe8 24.Qb2 Rb8 25.R5a4 Nc5 26.Bxc5 dxc5 27.Qf2 Qd6 28.Ra5 Qd3 29.Rxc5 Qxc3
30.Rg1 Be4 31.Qg3 Qd4 32.Rc7 Rb2 33.c5 Rxg2 34.Qxg2 Bxg2+ 35.Kxg2 Qxf4 36.Rc8+ Kg7
37.c6 e5 38.Rc7 e4 39.Rf1 Qxc7  0-1

[Event "86th ch-Paris IdF"]
[Site "Paris FRA"]
[Date "2011.07.05"]
[Round "4.2"]
[White "Sochacki,C"]
[Black "Fedorchuk,S"]
[Result "0-1"]
[WhiteElo "2358"]
[BlackElo "2618"]

1.e4 c5 2.Nf3 e6 3.d4 cxd4 4.Nxd4 a6 5.Bd3 Bc5 6.Nb3 Be7 7.Be3 Nf6 8.N1d2 d6
9.f4 Nc6 10.Qf3 Qc7 11.c3 Rb8 12.g4 b5 13.h4 h5 14.gxh5 Nxh5 15.Be2 a5 16.Nd4 Nxd4
17.cxd4 a4 18.Kf2 Bd7 19.f5 exf5 20.exf5 Qc2 21.Ne4 Nf6 22.Nxf6+ Bxf6 23.h5 Qxf5
24.Rac1 O-O 25.Rc7 Qxf3+ 26.Bxf3 Be6 27.h6 g6 28.d5 Bf5 29.h7+ Kh8 30.Bh6 Bd4+
31.Kg2 Bg7 32.Bxg7+ Kxg7 33.Rc6 Rh8 34.Rxd6 Rxh7 35.Rxh7+ Kxh7 36.Kg3 Kg7
37.Ra6 Bd3 38.b3 axb3 39.axb3 b4 40.Rc6 Bb5 41.Rc7 Kf6 42.Kf4 g5+ 43.Ke3 Kg6
44.Kd4 f5 45.d6 g4 46.Bd5 f4 47.Re7 f3 48.Ke3 Kf6 49.Kf4 f2 50.Re6+ Kg7 51.Re7+ Kh6
52.Bg2 f1=Q+ 53.Bxf1 Bxf1 54.Kxg4 Kg6 55.Kf4 Kf6 56.Ke4 Bc4 57.bxc4 b3 58.Kd5 b2
59.Re1 b1=Q 60.Rxb1 Rxb1 61.c5 Rc1 62.c6 Rd1+ 63.Kc5 Ke6 64.d7 Ke7  0-1

[Event "6th Polonia Wroclaw Open A"]
[Site "Wroclaw POL"]
[Date "2011.07.05"]
[Round "2"]
[White "Dragun,K"]
[Black "Dudys,J"]
[Result "0-1"]
[WhiteElo "2428"]
[BlackElo "2195"]

1.e4 c5 2.Nf3 e6 3.d4 cxd4 4.Nxd4 a6 5.Bd3 g6 6.Nc3 Bg7 7.Be3 Nc6 8.Nxc6 bxc6
9.O-O d5 10.Na4 Nf6 11.Bb6 Qe7 12.Bc5 Qc7 13.Nb6 Rb8 14.Nxc8 Qxc8 15.Qe2 Rxb2
16.Rfb1 Nxe4 17.Bxe4 Rb5 18.Rxb5 cxb5 19.Rd1 Qxc5 20.Bxd5 O-O 21.Bb3 Bd4
22.Rd2 a5 23.a4 bxa4 24.Bxa4 Rb8 25.Bb3 a4 26.Ba2 Rb2 27.c4 Qa3 28.Rxb2 Bxb2
29.Bb1 Qa1 30.Qe4 a3 31.h4 Kg7  0-1

[Event "TCh-TUR 2011"]
[Site "Konya TUR"]
[Date "2011.07.06"]
[Round "10"]
[White "Guliev,L"]
[Black "Pantsulaia,L"]
[Result "0-1"]
[WhiteElo "2459"]
[BlackElo "2613"]

1.e4 c5 2.Nf3 e6 3.d4 cxd4 4.Nxd4 a6 5.Bd3 Nf6 6.O-O e5 7.Nb3 Nc6 8.c4 a5
9.a4 d6 10.Nc3 Be7 11.Be2 O-O 12.Be3 Be6 13.Nd2 Nd7 14.Ndb1 Bg5 15.Bxg5 Qxg5
16.Nb5 Nc5 17.Ra3 Nxe4 18.Bf3 Nc5 19.Qxd6 e4 20.Be2 Rfd8 21.Rg3 Qe5 22.Qxe5 Nxe5
23.b3 Rd7 24.f4 exf3 25.gxf3 Nc6 26.f4 Bf5 27.Re3 Bc2 28.N1c3 Bxb3 29.Nd5 Rdd8
30.Ra1 Re8 31.Nbc3 Rxe3 32.Nxe3 Re8 33.Kf2 Nd4 34.Rg1 Nxa4 35.Ncd5 Nxe2 36.Nf6+ Kh8
37.Nxe8 Nxg1 38.Kxg1 Nb2 39.Nd6 a4  0-1

[Event "9th Niki Open"]
[Site "Nachod CZE"]
[Date "2011.07.06"]
[Round "5.15"]
[White "Srejber,M"]
[Black "Trojan,L"]
[Result "0-1"]
[WhiteElo "2158"]
[BlackElo "2014"]

1.e4 c5 2.Nf3 e6 3.d4 cxd4 4.Nxd4 a6 5.Bd3 Qc7 6.O-O b5 7.a4 b4 8.c3 Nc6
9.Be3 Nf6 10.f4 Bb7 11.Nd2 Be7 12.Kh1 h5 13.Qe2 Ng4 14.Bg1 g5 15.Nxc6 dxc6
16.Nc4 gxf4 17.e5 Bg5 18.cxb4 Kf8 19.Bc5+ Kg7 20.Qe4 Raf8 21.Rxf4 f5 22.exf6+ Rxf6
23.Rxg4 hxg4 24.Bd6 Qf7 25.Be5 g3 26.h3 Rxh3+ 27.gxh3 c5 28.bxc5 Bxe4+ 29.Bxe4 Kh6
30.Bg2 Rf2 31.Nd6 Qh5 32.Bxg3 Rxg2 33.Kxg2 Qe2+ 34.Kh1 Qf3+ 35.Kh2 Bf4 36.Rg1 Qf2+  0-1

[Event "38th ch-IND w Challengers"]
[Site "Chennai IND"]
[Date "2011.07.07"]
[Round "8"]
[White "Pratyusha,B"]
[Black "Nandhidhaa,P"]
[Result "1-0"]
[WhiteElo "2064"]
[BlackElo "2101"]

1.e4 c5 2.Nf3 e6 3.d4 cxd4 4.Nxd4 a6 5.Bd3 Bc5 6.Nb3 Be7 7.f4 d6 8.Be3 Nd7
9.N1d2 Ngf6 10.Qe2 Qc7 11.O-O-O b5 12.g4 Nb6 13.g5 Nfd7 14.Kb1 Bb7 15.Rhf1 Nc5
16.f5 Rc8 17.Rc1 Nc4 18.Bxc4 bxc4 19.Nxc5 dxc5 20.Qxc4 exf5 21.exf5 O-O 22.f6 Bd6
23.g6 hxg6 24.Rg1 Rfe8 25.Rxg6 Rxe3 26.Rxg7+ Kf8 27.Qg4 Ke8 28.Rg8+ Bf8 29.Rg1 Qd6
30.Nc4 Qxf6 31.Nxe3 Rd8 32.Re1 Qe6 33.b3 Be4 34.Qh4 Rd2 35.Kc1 Rd6 36.Qh8 Qh6
37.Qxh6 Rxh6 38.Nf5 Re6 39.Rxe4 Rxe4 40.Nd6+  1-0

[Event "111th ch-SUI"]
[Site "Leukerbad SUI"]
[Date "2011.07.08"]
[Round "2"]
[White "Gaehwiler,G"]
[Black "Kurmann,O"]
[Result "0-1"]
[WhiteElo "2185"]
[BlackElo "2431"]

1.e4 c5 2.Nf3 e6 3.d4 cxd4 4.Nxd4 a6 5.Bd3 Bc5 6.Nb3 Be7 7.O-O d6 8.c4 Nf6
9.Nc3 Nbd7 10.Nd4 Qc7 11.Be3 O-O 12.Rc1 Re8 13.b3 b6 14.Re1 Bb7 15.f3 Rac8
16.Qd2 Qb8 17.Bf1 Bd8 18.g3 Bc7 19.Rcd1 Rcd8 20.Qc2 Qa8 21.Bg2 h5 22.Qf2 Rc8
23.Nde2 Qb8 24.Rd2 Ba8 25.Red1 b5 26.c5 Nxc5 27.e5 Nd5 28.Nxd5 exd5 29.Nc3 Ba5
30.exd6 Nd7 31.Nxd5 Bxd2 32.Rxd2 Qxd6 33.Nf4 Rc1+ 34.Bf1 Qe5 35.Re2 Rd1 36.Ba7 Qxe2
37.Nxe2 Ne5 38.Nd4 Rxd4 39.Bxd4 Nxf3+ 40.Kg2 Ng5+ 41.Kg1 Nf3+ 42.Kg2 Nxd4+
43.Kh3 Nf3 44.Bg2 g5 45.g4 Re2 46.Qc5 Ng1+ 47.Qxg1 Bxg2+ 48.Kg3 h4+  0-1

[Event "118th ch-SCO"]
[Site "Edinburgh SCO"]
[Date "2011.07.09"]
[Round "1"]
[White "Schmerwitz,R"]
[Black "Pritchett,C"]
[Result "0-1"]
[WhiteElo "1895"]
[BlackElo "2342"]

1.e4 c5 2.Nf3 e6 3.d4 cxd4 4.Nxd4 a6 5.Bd3 Bc5 6.Nb3 Be7 7.O-O d6 8.c4 Nf6
9.Nc3 O-O 10.Be3 b6 11.Rc1 Bb7 12.Qe2 Nbd7 13.f4 Qc7 14.g4 Nc5 15.Nxc5 bxc5
16.g5 Nd7 17.f5 Rfe8 18.fxe6 fxe6 19.b3 Ne5 20.Bc2 Rf8 21.h4 Rxf1+ 22.Rxf1 Rf8
23.Rxf8+ Bxf8 24.Qg2 Qf7 25.Qf2 Qf3 26.Bd1 Qh3 27.Be2 Ng4 28.Bxg4 Qxg4+ 29.Qg2 Qxh4
30.Kf1 g6  0-1

[Event "66th OCF Oklahoma Open"]
[Site "Oklahoma City USA"]
[Date "2011.07.09"]
[Round "1.6"]
[White "Batsaikhan,Orgil"]
[Black "Maldonado,Ernest R"]
[Result "1-0"]
[WhiteElo "2100"]
[BlackElo "1837"]

1.e4 c5 2.Nf3 e6 3.d4 cxd4 4.Nxd4 a6 5.Bd3 b5 6.O-O Qc7 7.a4 b4 8.Nd2 Nf6
9.Re1 d6 10.N2f3 Nbd7 11.Bd2 Rb8 12.c3 Nc5 13.Bc2 bxc3 14.Bxc3 Be7 15.e5 Nd5
16.exd6 Qxd6 17.Nf5 exf5 18.Be5 Qb6 19.a5 Qb7 20.Bxb8 O-O 21.Be5 Rd8 22.Qe2 Qc6
23.Nd4 Qg6 24.Qf3 Qg4 25.Qxg4 fxg4 26.Nc6 Rd7 27.Bf5 Ne6 28.Red1 Bb7 29.Rxd5 Bxc6
30.Rxd7 Bxd7 31.Bxg4 Bb5 32.Rc1 Bd7 33.Bxe6 Bxe6 34.Rc6 h6 35.Rxa6 Bc4 36.Ra8+ Kh7
37.a6 Bd5 38.Rc8 f6 39.Bd4  1-0

[Event "ch-Central Serbia Int Open A"]
[Site "Paracin SRB"]
[Date "2011.07.09"]
[Round "3.28"]
[White "Radovanovic,Nik"]
[Black "Bojovic,D"]
[Result "0-1"]
[WhiteElo "2096"]
[BlackElo "2320"]

1.e4 c5 2.Nf3 e6 3.d4 cxd4 4.Nxd4 a6 5.Bd3 Nf6 6.O-O Qc7 7.Kh1 Bc5 8.c3 h5
9.Nd2 b6 10.Qe2 Bb7 11.N4b3 Be7 12.e5 Ng4 13.f4 d6 14.exd6 Qxd6 15.Be4 Bxe4
16.Nxe4 Qc7 17.h3 Nh6 18.Qxh5 g6 19.Qf3 Nc6 20.Nd4 Nxd4 21.cxd4 Rd8 22.Be3 Nf5
23.Rfd1 Qc2 24.Bf2 Qxb2 25.Rab1 Qc2 26.Rxb6 Bh4 27.Rb7 Bxf2 28.Nxf2 O-O 29.Ng4 Rxd4
30.Rd7  0-1

[Event "Faustino Paniagua Memorial"]
[Site "Asuncion URU"]
[Date "2011.07.10"]
[Round "4.1"]
[White "Vazquez,Guillermo"]
[Black "Valiente,C"]
[Result "1/2-1/2"]
[WhiteElo "2248"]
[BlackElo "2262"]

1.e4 c5 2.Nf3 e6 3.d4 cxd4 4.Nxd4 a6 5.Bd3 Bc5 6.Nb3 Be7 7.Be3 d6 8.N1d2 Nf6
9.f4 Nbd7 10.g4 h6 11.Qe2 Qc7 12.O-O-O b5 13.h4 h5 14.g5 Ng4 15.Bg1 Bb7 16.Rh3 Nc5
17.Kb1 g6 18.Rf1 Rc8 19.c4 b4 20.Nxc5 dxc5 21.e5 Rd8 22.Ne4 O-O 23.Bc2 a5
24.Rd3 Rxd3 25.Bxd3 Rd8 26.Rd1 a4 27.Bc2 Rxd1+ 28.Qxd1 a3 29.Nd6 Ba8 30.Ba4 Qa5
31.b3 Qc7 32.Be8 Bxd6 33.exd6 Qb7 34.d7 Qe4+ 35.Ka1 Ne3 36.d8=Q Nc2+ 37.Kb1 Nd4+
38.Ka1 Nc2+ 39.Qxc2 Qxc2 40.Bxf7+ Kxf7 41.Qc7+ Kg8 42.Qb8+ Kh7 43.Qa7+ Kg8
44.Qxa8+ Kh7 45.Qb7+ Kh8 46.Qc8+ Kh7 47.Qd7+ Kh8 48.Qe8+ Kh7 49.Qe7+ Kh8
50.Qf8+ Kh7 51.Qf7+  1/2-1/2

[Event "Open ch-SVK A"]
[Site "Banska Stiavnica SVK"]
[Date "2011.07.10"]
[Round "2"]
[White "Borosova,Z"]
[Black "Tropp,L"]
[Result "1-0"]
[WhiteElo "2310"]
[BlackElo "2106"]

1.e4 c5 2.Nf3 e6 3.d4 cxd4 4.Nxd4 a6 5.Bd3 Bc5 6.Nb3 Ba7 7.Qe2 Nc6 8.Be3 d6
9.N1d2 Nf6 10.f4 Bxe3 11.Qxe3 Qc7 12.c3 Bd7 13.O-O e5 14.Nc4 O-O-O 15.f5 Kb8
16.Qf3 Rhg8 17.Ne3 Ne7 18.c4 g6 19.fxg6 Rxg6 20.Rf2 Rdg8 21.Rc1 h5 22.c5 Bg4
23.Nxg4 hxg4 24.Qd1 g3 25.Rfc2 gxh2+ 26.Kh1 Ng4 27.Qe1 Rf6 28.Bf1 d5 29.c6 b5
30.a4 Qb6 31.Nc5 Kc7 32.axb5 axb5 33.Ra1 Rh8 34.Na6+ Kc8 35.Nc5 dxe4 36.Ra8+ Kc7
37.Rxh8 Ng6 38.Ra8 e3 39.Na6+ Kd6 40.Qb4+ Ke6 41.Qxg4+  1-0

[Event "Open ch-SVK A"]
[Site "Banska Stiavnica SVK"]
[Date "2011.07.10"]
[Round "2"]
[White "Varga,Dav"]
[Black "Horvath,Ju"]
[Result "1-0"]
[WhiteElo "2364"]
[BlackElo "2228"]

1.e4 c5 2.Nf3 e6 3.d4 cxd4 4.Nxd4 a6 5.Bd3 Nc6 6.Nxc6 dxc6 7.Nd2 e5 8.Nc4 Be6
9.Qh5 Bxc4 10.Bxc4 Qc7 11.f4 exf4 12.O-O g6 13.Qh4 Be7 14.Qxf4 Bc5+ 15.Kh1 Qxf4
16.Bxf4 f6 17.g4 b5 18.Bb3 g5 19.Bg3 Bd4 20.c3 Be5 21.Bxe5 fxe5 22.Rf5 h6
23.Rxe5+ Ne7 24.Rf1 Ra7 25.Bf7+ Kd8 26.Bh5 Rd7 27.Rf2 Kc7 28.Re6 Nc8 29.Kg2 Rd6
30.Rxd6 Kxd6 31.Rf6+ Kd7 32.Bg6 Ne7 33.Bf5+ Kc7 34.Re6 Nc8 35.e5 a5 36.Be4 Na7
37.Kg3 a4 38.h4 Kd7 39.Rg6 gxh4+ 40.Kxh4 Kc7 41.Kh5 Re8 42.e6 Nc8 43.Rxh6 Re7
44.Kg5 Kd6 45.Kf4 Nb6 46.g5 Nc4 47.g6 Rxe6 48.Bf5 Rf6 49.g7 Rxh6 50.g8=Q Rh2
51.Qd8+  1-0

[Event "118th ch-SCO"]
[Site "Edinburgh SCO"]
[Date "2011.07.10"]
[Round "2"]
[White "Smith,Stephen H"]
[Black "Dempsey,T"]
[Result "0-1"]
[WhiteElo "1793"]
[BlackElo "2201"]

1.e4 c5 2.Nf3 e6 3.d4 cxd4 4.Nxd4 a6 5.Bd3 Bc5 6.Nb3 Be7 7.O-O d6 8.Nc3 Nf6
9.a4 b6 10.f4 Qc7 11.Qe2 Nc6 12.Be3 O-O 13.g4 Nd7 14.g5 Re8 15.Rf3 Bf8 16.Rh3 g6
17.Qg4 Bg7 18.Qh4 Nf8 19.Rf1 Nb4 20.e5 Bb7 21.Be4 Nd5 22.Bxd5 Bxd5 23.Nxd5 exd5
24.exd6 Qxd6 25.c3 Re4 26.Qf2 Rae8 27.Nd4 Ne6 28.Qh4 Nf8 29.Qf2 Qd7 30.Rg3 Ne6
31.f5 Nxd4 32.Bxd4 Bxd4 33.cxd4 Re2 34.Qf3 Qxf5 35.Qxe2 Rxe2 36.Rxf5 gxf5
37.Rb3 Re6 38.Kg2 Kg7 39.h3 Kg6 40.h4 f6 41.gxf6 Kxf6 42.Kg3 h5 43.Rc3 f4+
44.Kxf4 Re4+ 45.Kg3 Rg4+ 46.Kh3 Rxd4 47.Rc6+ Kf5 48.Rxb6 Rd3+ 49.Kg2 Kg4
50.b4 Rd2+ 51.Kf1 Rd4 52.b5 Rxa4 53.bxa6 Kxh4 54.Rd6 d4 55.a7 Kg3 56.Rxd4 Ra1+
57.Ke2 Rxa7 58.Rd3+ Kg2 59.Rd5 Re7+ 60.Kd3 h4 61.Rg5+ Kh2 62.Rg6 h3 63.Kd2 Ra7
64.Ke3 Ra3+ 65.Kf2 Ra2+ 66.Kf3 Rg2 67.Rh6 Rg8 68.Kf2 Rf8+ 69.Ke2 Kg2 70.Rg6+ Kh1
71.Rg3 h2 72.Rg5 Ra8 73.Kf2 Ra2+ 74.Kf3 Ra1 75.Rg7 Rf1+ 76.Ke2 Rg1 77.Rh7 Kg2
78.Rg7+ Kh3 79.Rh7+ Kg3 80.Rg7+ Kf4 81.Rf7+ Ke5 82.Rh7 h1=Q  0-1

[Event "111th ch-SUI"]
[Site "Leukerbad SUI"]
[Date "2011.07.10"]
[Round "4"]
[White "Duport,N SUI"]
[Black "Zueger,B"]
[Result "0-1"]
[WhiteElo "2169"]
[BlackElo "2407"]

1.e4 c5 2.Nf3 e6 3.d4 cxd4 4.Nxd4 a6 5.Bd3 Bc5 6.Nb3 Ba7 7.Qe2 Nc6 8.Nc3 d6
9.f4 Nge7 10.Be3 O-O 11.O-O-O Qc7 12.g4 b5 13.f5 b4 14.Nb1 a5 15.f6 Ng6 16.fxg7 Kxg7
17.h4 Bxe3+ 18.Qxe3 e5 19.g5 Be6 20.h5 Nf4 21.Rdf1 a4 22.N3d2 Nxd3+ 23.Qxd3 Nd4
24.Nf3 Bc4 25.Qd2 Ne2+ 26.Kd1 Nf4 27.Nd4 Bxf1 28.Nf5+ Kh8 29.Rxf1 Qc4 30.Rxf4 exf4
31.Qxf4 Rac8 32.Nd2 Qxc2+ 33.Ke2 Qxb2 34.g6 fxg6 35.hxg6 Qf6 36.g7+ Qxg7
37.Qxd6 Qg2+ 38.Kd1 Qg4+ 39.Ke1 Rc1+ 40.Kf2 Qg1+ 41.Kf3 Rxf5+ 42.exf5 Rc3+  0-1

[Event "86th ch-Paris IdF"]
[Site "Paris FRA"]
[Date "2011.07.10"]
[Round "9.4"]
[White "Sochacki,C"]
[Black "Kalegin,E"]
[Result "1/2-1/2"]
[WhiteElo "2358"]
[BlackElo "2477"]

1.e4 c5 2.Nf3 e6 3.d4 cxd4 4.Nxd4 a6 5.Bd3 Nf6 6.O-O Qc7 7.c4 d6 8.Qe2 g6
9.b3 Bg7 10.Bb2 Nbd7 11.Nd2 O-O 12.Rac1 b6 13.Bb1 Bb7 14.Rfd1 Rfe8 15.b4 Rac8
16.N4f3 Qb8 17.Qd3 Rcd8 18.h3 Bh6 19.Qd4 b5 20.cxb5 axb5 21.Qd3 Ba8 22.Nd4 d5
23.Qe2 dxe4 24.Nxb5 e3 25.fxe3 Nd5 26.Nf1 e5 27.a3 Qb6 28.Rxd5 Bxd5 29.Nc7 Bb7
30.Nxe8 Rxe8 31.Kh2 Re6 32.Rd1 Nf6 33.Ba2 Re7 34.Qd2 Rd7 35.Qc2 Rxd1 36.Qxd1 Bxe3
37.Bxe5 Bg5 38.Qe2 Qc6 39.b5 Qe8 40.Qb2 Nd7 41.Bc3 Qe4 42.Qf2 Nf6 43.Ng3 Qh4
44.Kg1 Bf4 45.Ne4 Bh2+ 46.Kh1 Qxe4 47.Kxh2 Nd5 48.Bxd5 Qxd5 49.a4 Qd6+ 50.Qg3 Kf8
51.a5 Bd5 52.b6 Bb7 53.Bf6 Ke8 54.Bg5 h5 55.Bd2  1/2-1/2

[Event "Lev Polugaevsky Mem"]
[Site "Samara RUS"]
[Date "2011.07.10"]
[Round "6"]
[White "Eryshkanova,A"]
[Black "Kolomensky,V"]
[Result "1-0"]
[WhiteElo "2122"]
[BlackElo "2253"]

1.e4 c5 2.Nf3 e6 3.d4 cxd4 4.Nxd4 a6 5.Bd3 Bc5 6.Nb3 Be7 7.Nc3 d6 8.O-O Nf6
9.f4 Nbd7 10.Qf3 Qc7 11.Bd2 b6 12.Rae1 Bb7 13.a4 O-O 14.Qh3 g6 15.Kh1 Rfe8
16.Rf3 Bf8 17.Qh4 Bg7 18.Rh3 Nf8 19.Rf1 d5 20.e5 Ne4 21.Bxe4 dxe4 22.Be3 Rac8
23.Re1 h6 24.a5 bxa5 25.Nc5 Nd7 26.f5 g5 27.Bxg5  1-0

[Event "Myrhorod Open A"]
[Site "Myrhorod UKR"]
[Date "2011.07.11"]
[Round "4.19"]
[White "Tantsiura,M"]
[Black "Vorontsov,P"]
[Result "1-0"]
[WhiteElo "2138"]
[BlackElo "2064"]

1.e4 c5 2.Nf3 e6 3.d4 cxd4 4.Nxd4 a6 5.Bd3 Nf6 6.O-O Qc7 7.Be3 Be7 8.Nc3 d6
9.Kh1 Nc6 10.f4 O-O 11.Qe1 Nxd4 12.Bxd4 e5 13.fxe5 dxe5 14.Qg3 Bd6 15.Be3 Ng4
16.Nd5 Qd8 17.Bb6 Qg5 18.h3 Qh6 19.Kg1 Be6 20.hxg4 Bxd5 21.g5 Qg6 22.exd5 e4
23.Bxe4 Bxg3 24.Bxg6 hxg6 25.c4 Be5 26.Rae1 f6 27.gxf6 gxf6 28.b3 Kg7 29.Rd1 Rf7
30.Rf3 Re8 31.Kf2 g5 32.Rh3 g4 33.Rh4 f5 34.Rdh1 Kg8 35.Rh5 Bg7 36.Rg5 Re4
37.Rhh5 Rfe7 38.Kg3 Kf7 39.Rxf5+ Ke8 40.Rhg5 Be5+ 41.Kf2 Kd7 42.Rf8 Bd4+
43.Bxd4 Rxd4 44.Rgg8 Kd6 45.Rc8 b5 46.Rgd8+ Ke5 47.Re8 Rxe8 48.Rxe8+ Kf4
49.g3+ Kf5 50.Ke3 Rd1 51.Ra8 Rg1 52.Kf2 Rc1 53.d6 Rd1 54.c5  1-0

[Event "Oberwart Open"]
[Site "Oberwart AUT"]
[Date "2011.07.11"]
[Round "3"]
[White "Wallner,J"]
[Black "Scheffknecht,P"]
[Result "1-0"]
[WhiteElo "2328"]
[BlackElo "2103"]

1.e4 c5 2.Nf3 e6 3.d4 cxd4 4.Nxd4 a6 5.Bd3 Nf6 6.O-O d6 7.Qe2 Qc7 8.Nc3 Nbd7
9.Bd2 Be7 10.Kh1 O-O 11.f4 g6 12.Rae1 e5 13.Nf3 b5 14.f5 Bb7 15.Bh6 Rfe8
16.fxg6 hxg6 17.Ng5 Bf8 18.Bxf8 Rxf8 19.Qd2 Kg7 20.Rf3 Rh8 21.Ref1 d5 22.h3 d4
23.Nd5 Bxd5 24.exd5 Raf8 25.Qf2 Qd6 26.Ne4 Qxd5 27.Rxf6 Nxf6 28.Qxf6+ Kg8
29.Qxa6 Re8 30.Qb6 Qxa2 31.Qxb5 Qe6 32.Bc4 Rh7 33.Kg1  1-0

[Event "Oberwart Open"]
[Site "Oberwart AUT"]
[Date "2011.07.11"]
[Round "3"]
[White "Stolterfoht,D"]
[Black "Markus,Rob"]
[Result "1-0"]
[WhiteElo "2118"]
[BlackElo "2652"]

1.e4 c5 2.Nf3 e6 3.d4 cxd4 4.Nxd4 a6 5.Bd3 Nf6 6.O-O d6 7.c4 b6 8.Nc3 Bb7
9.b3 Be7 10.Bb2 O-O 11.f4 Qc7 12.f5 e5 13.Nc2 Nbd7 14.Ne3 b5 15.cxb5 axb5
16.Bxb5 Nxe4 17.Nxe4 Bxe4 18.Bxd7 Qa7 19.Qd2 Bg5 20.Rae1 Qxd7 21.Bxe5 Bxg2
22.Qxg2 Bxe3+ 23.Rxe3 dxe5 24.f6 g6 25.Qg5 Kh8 26.a4 Rab8 27.Re4 Qa7+ 28.Rf2 Qd7
29.Qh6 Ra8  1-0

[Event "Nana Aleksandria Cup"]
[Site "Poti GEO"]
[Date "2011.07.11"]
[Round "1"]
[White "Vakhania,David"]
[Black "Morchiashvili,B"]
[Result "0-1"]
[WhiteElo "1816"]
[BlackElo "2376"]

1.e4 c5 2.Nf3 e6 3.d4 cxd4 4.Nxd4 a6 5.Bd3 Bc5 6.Nb3 Be7 7.O-O d6 8.Nc3 Nf6
9.Re1 b5 10.e5 dxe5 11.Rxe5 Bb7 12.Rg5 g6 13.Rg3 b4 14.Ne2 Nc6 15.Bg5 O-O
16.Bh6 Re8 17.Nf4 e5 18.Nh5 e4 19.Nxf6+ Bxf6 20.Bc4 Qxd1+ 21.Rxd1 Rad8 22.Rxd8 Rxd8
23.Nc5 Rd1+ 24.Bf1 Nd4 25.Re3 Nxc2 26.Re2 Nd4 27.Rd2 Rxd2 28.Bxd2 Bd5 29.Bxb4 Nc2
30.Nxa6 Bxa2 31.Bc3 Bxc3 32.bxc3 Na3 33.Nb4 Be6 34.Ba6 f5 35.Kf1 Nb1 36.Ke1 Nxc3
37.Kd2 Na4 38.Bb5 Nb6 39.h4 Kf7 40.g3 Bc4 41.Bxc4+ Nxc4+ 42.Kc3 Ne5 43.Kd4 Ng4
44.Nd5 Nxf2 45.Ke3 Ng4+ 46.Kf4 Nf6  0-1

[Event "3rd International Open"]
[Site "Rethymno GRE"]
[Date "2011.07.11"]
[Round "1"]
[White "Post,Maa"]
[Black "David,Alb"]
[Result "0-1"]
[WhiteElo "1972"]
[BlackElo "2609"]

1.e4 c5 2.Nf3 e6 3.d4 cxd4 4.Nxd4 a6 5.Bd3 Bc5 6.Nb3 Be7 7.Nc3 d6 8.Be3 Nd7
9.f4 b5 10.Qe2 Bb7 11.O-O Ngf6 12.a3 O-O 13.Rad1 Qc7 14.Kh1 Rfe8 15.Bg1 Bf8
16.Rde1 g6 17.h3 Bg7 18.Bh2 e5 19.f5 Rac8 20.Qf2 Ba8 21.Qh4 Qd8 22.Bg1 Nh5
23.Qf2 Ndf6 24.Bh2 Qd7 25.Nd2 Bc6 26.g4 Nf4 27.Bxf4 exf4 28.Qxf4 a5 29.Kg1 h6
30.Nd5 Bxd5 31.exd5 Nxd5 32.Qf3 Bd4+ 33.Kh1 Ne3 34.fxg6 fxg6 35.Rxe3 Bxe3
36.Ne4 Bd4 37.Nf6+ Bxf6 38.Qxf6 Re6 39.Qf4 Qg7 40.Bxb5 Rf8 41.Qh2 Qb7+  0-1

[Event "Nana Aleksandria Cup"]
[Site "Poti GEO"]
[Date "2011.07.12"]
[Round "2"]
[White "Botoyan,S"]
[Black "Zarkua,D"]
[Result "0-1"]
[WhiteElo "2216"]
[BlackElo "2433"]

1.e4 c5 2.Nf3 e6 3.d4 cxd4 4.Nxd4 a6 5.Bd3 Nf6 6.O-O e5 7.Nb3 d6 8.Nc3 Be7
9.f4 O-O 10.Qe1 Nbd7 11.Kh1 Re8 12.a4 b6 13.fxe5 dxe5 14.Qg3 Bb7 15.Bh6 Nh5
16.Qf3 Ndf6 17.Be3 Nf4 18.Bxf4 exf4 19.Qxf4 Bd6 20.Qf3 Qe7 21.Bc4 Rac8 22.Nd2 Be5
23.Ra3 Red8 24.Bd3 Bd6 25.Rb3 Bc7 26.Nc4 Rd4 27.Qh3 Qc5 28.Rf5 Qc6 29.Nd2 Rcd8
30.Rf1 Bc8 31.Qh4 Be6 32.Ra3 h6 33.Nf3 Rb4 34.Rb1 Qc5 35.Raa1 Ng4 36.Nd1 Ne5
37.Nxe5 Qxe5 38.c3 Rxd3 39.cxb4 g5 40.Qxh6 Bh3  0-1

[Event "3rd International Open"]
[Site "Rethymno GRE"]
[Date "2011.07.12"]
[Round "2"]
[White "Chulivska,V"]
[Black "Nikolov,Mo"]
[Result "1/2-1/2"]
[WhiteElo "2219"]
[BlackElo "2589"]

1.e4 c5 2.Nf3 e6 3.d4 cxd4 4.Nxd4 a6 5.Bd3 Nf6 6.O-O Qc7 7.Qe2 d6 8.c4 g6
9.Nc3 Bg7 10.Be3 O-O 11.f4 Nc6 12.Rad1 Nxd4 13.Bxd4 e5 14.fxe5 dxe5 15.Rxf6 Bxf6
16.Nd5 Qd6 17.Be3 Bg7 18.Bb6 Be6 19.c5 Qd7 20.Bc4 Kh8 21.h3 f5 22.b3 Qf7
23.Ne3 f4 24.Bxe6 Qxe6 25.Ng4 Rf7 26.Rd6 Qe7 27.Nh2 Rf6 28.Rd5 h5 29.Qd1 Rf7
30.Rd6 Bf6 31.Qd5 Re8 32.Nf3 g5 33.Bd8 Rxd8 34.Rxd8+ Kg7 35.Rd6 Qe8 36.Rb6 g4
37.Rxb7 gxf3 38.c6 Rxb7 39.cxb7 Qb8 40.Qd7+ Kh6 41.gxf3 Bd8 42.Qc6+ Kg7 43.Qd7+  1/2-1/2

[Event "St Pauli Open"]
[Site "Hamburg GER"]
[Date "2011.07.14"]
[Round "7.42"]
[White "Dinckel,J"]
[Black "Verweyen,Andreas"]
[Result "0-1"]
[WhiteElo "2045"]
[BlackElo "1796"]

1.e4 c5 2.Nf3 e6 3.d4 cxd4 4.Nxd4 a6 5.Bd3 Bc5 6.Nb3 Be7 7.O-O Nc6 8.Qe2 d6
9.f4 Nf6 10.Be3 O-O 11.a4 b6 12.N1d2 Nb4 13.a5 b5 14.Bb6 Qd7 15.Rad1 Nxd3
16.cxd3 Bb7 17.Rc1 Rac8 18.Nf3 Rxc1 19.Rxc1 Rc8 20.Rxc8+ Qxc8 21.Nfd4 Nd7
22.Qc2 Qxc2 23.Nxc2 Nxb6 24.axb6 Bd8 25.Kf2 Bxb6+ 26.Kf3 Kf8 27.g4 Ke7 28.Nbd4 b4
29.Ke2 g6 30.Nf3 a5 31.Nd2 f6 32.Nc4 Bc7 33.b3 d5  0-1

[Event "Pinnacle 48th COCC"]
[Site "Toronto CAN"]
[Date "2011.07.14"]
[Round "6"]
[White "Nicholson,Matthew"]
[Black "Gusev,N"]
[Result "0-1"]
[WhiteElo "1933"]
[BlackElo "2071"]

1.e4 c5 2.Nf3 e6 3.d4 cxd4 4.Nxd4 a6 5.Bd3 Bc5 6.Nb3 Be7 7.O-O d6 8.Be3 Nd7
9.f4 Ngf6 10.N1d2 b6 11.g4 h5 12.h3 hxg4 13.hxg4 Bb7 14.g5 Nh5 15.g6 Ng3
16.gxf7+ Kf8 17.Nd4 Nc5 18.N2b3 Rh1+ 19.Kg2 Rxf1 20.Qg4 Nf5 21.Nxe6+ Nxe6
22.Qxf5 Rxa1 23.Qxe6 Bc8 24.Qg6 Qd7 25.f5 Bf6 26.Bc4 Bb7 27.Be6 Bxe4+ 28.Kf2 Qxe6  0-1

[Event "Najdorf Memorial"]
[Site "Warsaw POL"]
[Date "2011.07.14"]
[Round "2"]
[White "Swiercz,D"]
[Black "Laurusas,T"]
[Result "1-0"]
[WhiteElo "2553"]
[BlackElo "2329"]

1.e4 c5 2.Nf3 e6 3.d4 cxd4 4.Nxd4 a6 5.Bd3 Bc5 6.Nb3 Be7 7.Be3 d6 8.f4 Nf6
9.Qf3 Qc7 10.g4 Nc6 11.Nc3 b5 12.g5 Nd7 13.O-O-O Bb7 14.Kb1 Na5 15.Nxa5 Qxa5
16.Qh3 b4 17.Ne2 d5 18.g6 fxg6 19.Nd4 Nf8 20.Nxe6 Nxe6 21.Qxe6 Rd8 22.Bb6 Qa4
23.Bxd8 Kxd8 24.Bc4 Qd7 25.Bxd5 Qxe6 26.Bxe6+ Ke8 27.Bd5 Bc8 28.Rhg1 Bf6
29.Rg3 Ke7 30.Rb3 a5 31.a3 bxa3 32.Rxa3 Bg4 33.Rg1 h5 34.h3 Bd4 35.Rg2 Bd7
36.Rxg6 Rb8 37.c3 Bf6 38.Ka2 Be8 39.Rg2 a4 40.e5 Bh4 41.Rxg7+ Kf8 42.Rg8+ Ke7
43.Rxa4  1-0